| 000 | 01383nam a2200445 c 4500 | ||
|---|---|---|---|
| 999 |
_c160570 _d160570 |
||
| 003 | BLK | ||
| 005 | 20230816120412.0 | ||
| 008 | 180410b bul|||||r ||||||| ||bul|| | ||
| 010 | _aKNG00167796000 | ||
| 040 | _aBLK | ||
| 041 |
_aBUL _cBUL |
||
| 072 | 7 |
_2bullib _aК _xКраезнание |
|
| 072 | 7 |
_2bullib _aЯ _xАвтографи |
|
| 080 |
_aБългарска литература _b821.163.2 _x-1 _z821.163.2-1 |
||
| 100 | 1 |
_aМанчева, Екатерина Вл. _eпърви автор _9334912 |
|
| 139 |
_aМанчева, Екатерина Вл. _bМ 28 |
||
| 245 | 1 | 0 |
_aПесни на сърцето _bСтихове _cЕкатерина Вл. Манчева. |
| 257 | _aBGR | ||
| 260 |
_c1927 _fРусе : печ. Учител |
||
| 300 |
_a32 с. _c20 см |
||
| 380 | _aX | ||
| 500 | _a2 500 тир. | ||
| 590 | _aАвтограф за Т. Дашков. | ||
| 653 | _aстихотворения | ||
| 659 | _aК | ||
| 659 | _aЯ | ||
| 852 | _aЦб 19290 | ||
| 852 | _aК 821.163.2/М 28 Е | ||
| 856 | 4 | _qpdf | |
| 856 | 4 | _qpdf | |
| 942 |
_cKNG _n0 _s1 _01 |
||
| 944 |
_aCR _c27.11.2014 _lВаля Йорданова _k30558 |
||
| 944 |
_aED _c20.02.2015 _lф / 27.11.2014 _kПенка_Димитрова |
||
| 999 | _d160570 | ||
| 999 | _d160570 | ||
| 999 | _d160570 | ||
| 999 | _d160570 | ||
| 999 | _d160570 | ||
| 999 | _d160570 | ||